000 00969nam a22002775i 4500
001 176430
003 ES-MaACL
005 20250809151248.0
008 110114s1962 sp af |||| | spa d
080 _a929 Pablo, Santo
080 _a94(38)
100 0 _aMetzger, Henri.
_9144763
245 1 4 _aLas rutas de San Pablo en el oriente griego /
_cHenri Metzger ; traducción revisada por Sebatián Bartina.
260 _aBarcelona :
_bGarriga,
_cD. L. 1962.
300 _a71, [8] p. de lám. :
_bil. bl. y n. ;
_c21 cm.
490 1 _aCuadernos de Arqueología Bíblica ;
_v4
500 _aÍndices.
504 _aBibliografía: p. 68-69.
600 0 4 _aPablo
_cSanto.
_988088
650 7 _aArqueología bíblica
_2embne
_99981
651 4 _aGrecia-
_xHistoria-
_yS.I.
_9144764
700 1 _aBartina, Sebastián.
_926136
830 0 _aCuadernos de Arqueología Bíblica ;
_v4
_9190046
852 _aES-MaACL
_jE-14060
_xOlim P-379-bis
999 _c176430
_d176430